| 000 | 00609nam a2200181Ia 4500 | ||
|---|---|---|---|
| 008 | 100921s9999 xx 000 0 und d | ||
| 082 |
_b13304 _a891.463 थ 63 |
||
| 100 | _aभावे पुरूषोत्तम भास्कर. | ||
| 245 | _aथोरली पाती. | ||
| 260 |
_bललित प्रकाशन, मुंबई. _c1963 |
||
| 300 |
_a304 _b--- |
||
| 365 | _b8 | ||
| 520 | _aललित-कादंबरी. | ||
| 630 | _aथोरली पाती. | ||
| 650 | _aललित-कादंबरी. | ||
| 730 | _aथोरली पाती. | ||
| 942 | _cBOOK | ||
| 999 |
_c762417 _d762414 |
||